000 00550nam a22002171 4500
001 20434
003 UkOxU
005 20211209000550.0
008 140203s1985 enk 000 1 eng d
020 _a0436377462
035 _a(BD-RjUL)20496
040 _aBD-RjUL
_beng
_cBD-RjUL
041 _aeng
082 0 4 _a823
_bPOR 1985
100 1 _aPope, Dudley.
_957382
245 1 0 _aRamage's challenge :
_ba novel /
_cby Dudley Pope
260 _aLondon :
_bAlison,
_c1985
300 _aix, 224 p ;
_c23 cm
650 7 _aa novel
_957265
942 _2ddc
_cBK
999 _c20434
_d20434